Geometrická rapsódie : Z ruského orig /
Salvato in:
| Autori principali: | , |
|---|---|
| Natura: | Libro |
| Lingua: | ceco |
| Pubblicazione: |
Praha :
SNTL,
1991
|
| Soggetti: | |
| Tags: |
Nessun Tag, puoi essere il primo ad aggiungerne!!
|
MARC
| LEADER | 00000nam a22000003a 4500 | ||
|---|---|---|---|
| 001 | stu17829 | ||
| 005 | 20150617225755.3 | ||
| 008 | 910716s1991----cs------------------cze-d | ||
| 020 | |a 80-03-00628-7 | ||
| 040 | |a STU |b slo | ||
| 041 | 0 | |a cze | |
| 044 | |a cs | ||
| 080 | |a 514 | ||
| 080 | |a 514(084) | ||
| 100 | 1 | |a Escher, M.C |4 xxx | |
| 245 | 1 | |a Geometrická rapsódie : |b Z ruského orig / |c [aut.]Levitin,Karl; Obrazov doprovod Escher,M.C | |
| 260 | |a Praha : |b SNTL, |c 1991 | ||
| 300 | |a 158 s : |b Obrázky | ||
| 650 | 7 | |a Geometria-dokumenty obrazové |2 stusub | |
| 700 | 1 | |a Levitin, Karl Jefimovič |4 aut | |
| 996 | |b C88050 |c C*88050 |l CCXX |s P |a 0 |w stu17829_0002 | ||
| 996 | |b 284M087241 |c M* 13920-1 |l MMKN |s A |a 24 |w stu17829_0003 | ||